zpět

Detail výsledku týmu

U Pošty - Vinohrady ČT, Praha

Datum a čas kvízu

30 Celkem bodů Celkový počet nahraných bodů na tomto kvízu bez doplňovacích otázek.
12. Pořadí na kvízu Konečné umístění týmu na tomto kvízu.

Zaznamenané odpovědi

# Otázka Odpověď Body Výsledky
1. V Klatovech se v rámci nadcház... A 1
2. Parlament kterého tichomořskéh... A 0
3. Poprvé ve své historii ovládlo... Dara 0
4. Německý soud rozhodl, že potra... Milku 0
5. Na okruhu ležícím poblíž jedno... Most 1
6. Vítězné téma facebookového hla... 36 týmů 0
7. Ve kterých třech jazycích je s... angličtina, francouzština, němčina 1
8. Pokud budeme počítat i předchů... C 1
9. K památnému finále došlo v roc... Vladimír Šmicer, Milan Baroš 0
10. Historicky nejlepšími střelci... Karim Benzema 0